Statistics for All-EuroLeague First Teams Since 2000

Click here to take the quiz!

General Stats

  • This quiz has been taken 7 times
  • The average score is 31 of 96

Answer Stats

SeasonTeamPlayer% Correct
2017-18Real MadridLuka Doncic
100%
2001-02Virtus BolognaManu Ginobili
80%
2011-12CSKA MoscowAndrei Kirilenko
60%
2004-05Maccabi Tel-AvivAnthony Parker
60%
2005-06Maccabi Tel-AvivAnthony Parker
60%
2003-04Zalgiris KaunasArvydas Sabonis
60%
2018-19Fenerbahce BekoJan Vesely
60%
2015-16Fenerbahce BekoJan Vesely
60%
2017-18Fenerbahce BekoJan Vesely
60%
2005-06BarcelonaJuan Carlos Navarro
60%
2010-11BarcelonaJuan Carlos Navarro
60%
2006-07BarcelonaJuan Carlos Navarro
60%
2008-09BarcelonaJuan Carlos Navarro
60%
2009-10BarcelonaJuan Carlos Navarro
60%
2016-17CSKA MoscowNando De Colo
60%
2015-16CSKA MosocwNando De Colo
60%
2017-18CSKA MoscowNando De Colo
60%
2017-18PanathinaikosNick Calathes
60%
2018-19PanathinaikosNick Calathes
60%
2012-13Real MadridRudy Fernandez
60%
2013-14Real MadridRudy Fernandez
60%
2004-05Maccabi Tel-AvivSarunas Jasikevicius
60%
2003-04Maccabi Tel-AvivSarunas Jasikevicius
60%
2012-13OlympiacosVassilis Spanoulis
60%
2014-15OlympiacosVassilis Spanoulis
60%
2011-12OlympiacosVassilis Spanoulis
60%
2004-05BaskoniaArvydas Macijauskas
40%
2003-04BarcelonaDejan Bodiroga
40%
2002-03BarcelonaDejan Bodiroga
40%
2001-02PanathinaikosDejan Bodiroga
40%
2012-13PanathinaikosDimitris Diamantidis
40%
2011-12PanathinaikosDimitris Diamantidis
40%
2006-07*PanathinaikosDimitris Diamantidis
40%
2010-11PanathinaikosDimitris Diamantidis
40%
2016-17OlympiacosGeorgios Printezis
40%
2008-09BaskoniaIgor Rakocevic
40%
2009-10OlympiacosLinas Kleiza
40%
2006-07BaskoniaLuis Scola
40%
2005-06BaskoniaLuis Scola
40%
2010-11PanathinaikosMike Batiste
40%
2008-09PanathinaikosNikola Pekovic
40%
2006-07Maccabi Tel-AvivNikola Vujcic
40%
2004-05Maccabi Tel-AvivNikola Vujcic
40%
2005-06Maccabi Tel-AvivNikola Vujcic
40%
2007-08CSKA MoscowRamunas Siskauskas
40%
2016-17Real MadridSergio Llull
40%
2013-14Real MadridSergio Rodriguez
40%
2006-07*CSKA MoscowTheo Papaloukas
40%
2005-06CSKA MoscowTheo Papaloukas
40%
2007-08BaskoniaTiago Splitter
40%
2007-08CSKA MoscowTrajan Langdon
40%
2006-07CSKA MoscowTrajan Langdon
40%
2001-02Basket TrevisoTyus Edney
40%
2002-03Basket TrevisoTyus Edney
40%
2000-01PeristeriAlphonso Ford
20%
2002-03Montepaschi SienaAlphonso Ford
20%
2012-13BarcelonaAnte Tomic
20%
2013-14BarcelonaAnte Tomic
20%
2018-19Zalgiris KaunasBrandon Davies
20%
2016-17Fenerbahce BekoEkpe Udoh
20%
2011-12BarcelonaErazem Lorbek
20%
2014-15Real MadridFelipe Reyes
20%
2002-03Basket TrevisoJorge Garbajosa
20%
2000-01Scaligera BasketLouis Bullock
20%
2003-04CSKA MoscowMarcus Brown
20%
2001-02Virtus BolognaMarko Jaric
20%
2003-04CSKA MoscowMirsad Turkcan
20%
2012-13CSKA MoscowNenad Krstic
20%
2011-12CSKA MoscowNenad Krstic
20%
2010-11Maccabi Tel-AvivSofoklis Schortsanitis
20%
2008-09Montepaschi SienaTerrell McIntyre
20%
2017-18BaskoniaTornike Shengelia
20%
2009-10CSKA MoscowVictor Khryapa
20%
2018-19CSKA MoscowWill Clyburn
20%
2009-10Partizan BelgradeAleks Maric
0%
2014-15Crvena ZvezdaBoban Marjanovic
0%
2016-17Fenerbahce BekoBogdan Bogdanovic
0%
2004-05CSKA MoscowDavid Andersen
0%
2000-01Buducnost PodgoricaDejan Tomasevic
0%
2001-02BaskoniaDejan Tomasevic
0%
2000-01St. Petersburg LionsDerrick Hamilton
0%
2010-11BaskoniaFernando San Emeterio
0%
2000-01Fortitudo BolognaGregor Fucka
0%
2015-16Laboral KutxaIoannis Bourousis
0%
2008-09OlympiacosIoannis Bourousis
0%
2013-14Olimpia MilanoKeith Langford
0%
2018-19Fenerbahce BekoKostas Sloukas
0%
2015-16Lokomotiv KubanMalcolm Delaney
0%
2009-10OlympiacosMilos Teodosic
0%
2015-16CSKA MoscowMilos Teodosic
0%
2014-15CSKA MoscowMilos Teodosic
0%
2014-15Fenerbahce BekoNemanja Bjelica
0%
2013-14CSKA MoscowSonny Weems
0%
2007-08Maccabi Tel-AvivTerence Morris
0%
2007-08Montepaschi SienaTerrell McIntyre
0%
2002-03CSKA MoscowVictor Alexander
0%

Score Distribution

Percentile by Number Answered

Percent of People with Each Score

Your Score History

You have not taken this quiz